Aerosols in a Changing World

Uložené v:
Podrobná bibliografia
Hlavný autor: Vate, J.F. van de
Médium: Kniha
Jazyk:English
Vydavateľské údaje: Laxenburg International Institute for Applied Systems Analysis 1990
Vydanie:1. ed.
Tagy: Pridať tag
Žiadne tagy, Buďte prvý, kto otaguje tento záznam!

MARC

LEADER 00000nam a2200000 4500
001 c038227
005 20221215113304.4
041 0 |a eng 
044 |a AT 
245 1 0 |a Aerosols in a Changing World  |c J.F. van de Vate 
250 |a 1. ed. 
264 1 |a Laxenburg  |b International Institute for Applied Systems Analysis  |c 1990 
300 |a S. 521-530 
500 |a Separát z: Man and his Ecosystem, Proceedings of the 8th World Clean Air Congress, September 1989, The Hague, Brasser and Mulder (Eds), Vol.3 
100 1 |a Vate, J.F. van de